Fifth generation management : (Record no. 185973)

000 -LEADER
fixed length control field 01089 a2200265 4500
003 - CONTROL NUMBER IDENTIFIER
control field Nust
005 - DATE AND TIME OF LATEST TRANSACTION
control field 20230127095453.0
010 ## - LIBRARY OF CONGRESS CONTROL NUMBER
LC control number 95046034
020 ## - INTERNATIONAL STANDARD BOOK NUMBER
International Standard Book Number 0750697016 (pbk.)
040 ## - CATALOGING SOURCE
Transcribing agency Nust
082 00 - DEWEY DECIMAL CLASSIFICATION NUMBER
Classification number 658,SAV
100 1# - MAIN ENTRY--PERSONAL NAME
Personal name Savage, Charles M.
9 (RLIN) 107850
245 10 - TITLE STATEMENT
Title Fifth generation management :
Remainder of title co-creating through virtual enterprising, dynamic teaming, and knowledge networking /
Statement of responsibility, etc. Charles M. Savage.
246 3# - VARYING FORM OF TITLE
Title proper/short title Fifth generation management
250 ## - EDITION STATEMENT
Edition statement Rev. ed.
260 ## - PUBLICATION, DISTRIBUTION, ETC.
Place of publication, distribution, etc. Boston :
Name of publisher, distributor, etc. Butterworth-Heinemann,
Date of publication, distribution, etc. c1996.
300 ## - PHYSICAL DESCRIPTION
Extent xxv, 341 p. :
Other physical details ill. ;
Dimensions 24 cm.
505 ## - FORMATTED CONTENTS NOTE
Formatted contents note Part One: Five Days that Change the Enterprise (Page-3), Part Two: Co Creating Through Virtual Enterprise Dynamic Teaming and Knowledge Networking (Page-97).
650 #0 - SUBJECT ADDED ENTRY--TOPICAL TERM
Topical term or geographic name entry element Industrial management.
650 #0 - SUBJECT ADDED ENTRY--TOPICAL TERM
Topical term or geographic name entry element Organization.
9 (RLIN) 4210
700 1# - ADDED ENTRY--PERSONAL NAME
Personal name Savage, Charles M.
9 (RLIN) 107850
856 42 - ELECTRONIC LOCATION AND ACCESS
Materials specified Publisher description
Uniform Resource Identifier <a href="http://www.loc.gov/catdir/description/els032/95046034.html">http://www.loc.gov/catdir/description/els032/95046034.html</a>
856 42 - ELECTRONIC LOCATION AND ACCESS
Materials specified Table of contents
Uniform Resource Identifier <a href="http://www.loc.gov/catdir/toc/els032/95046034.html">http://www.loc.gov/catdir/toc/els032/95046034.html</a>
942 ## - ADDED ENTRY ELEMENTS (KOHA)
Source of classification or shelving scheme
Koha item type Book
Call number prefix 658,SAV
Holdings
Withdrawn status Lost status Source of classification or shelving scheme Damaged status Not for loan Permanent Location Current Location Shelving location Date acquired Full call number Barcode Date last seen Price effective from Koha item type Public note
          Military College of Signals (MCS) Military College of Signals (MCS) General Stacks 12/12/2016 658,SAV MCS27010 12/08/2016 12/12/2016 Book Almirah No. 55, Shelf No.1
© 2023 Central Library, National University of Sciences and Technology. All Rights Reserved.